| 000 | 01354nam a22004097a 4500 | ||
|---|---|---|---|
| 999 |
_c4745 _d4745 |
||
| 003 | AR-CdUCM | ||
| 008 | 190311b ||||| |||| 00| 0 spa d | ||
| 040 |
_aMUNICIPALIDAD PROVINCIAL DEL CUSCO _cBIBLIOTECA MUNICIPAL DEL CUSCO |
||
| 082 |
_a861 / _bP6 |
||
| 245 | _aPoemas del amor erótico / | ||
| 260 |
_aLima : _bMosca azul editores, _c1972. |
||
| 300 |
_a59 páginas ; _c18.5 cm. |
||
| 500 | _aDonación de la familia Nieto. | ||
| 650 |
_aPoesía erótica _914676 |
||
| 650 |
_apoesía hispana _92509 |
||
| 650 |
_aPoetas hispanoamericanos _914677 |
||
| 650 |
_aErotismo en la literatura _914678 |
||
| 700 |
_aLauer, M. ( Selección) _914679 |
||
| 700 |
_aOquendo, A. (Selección) _914680 |
||
| 700 |
_aGirondo, Oliverio _914681 |
||
| 700 |
_aAleixandre Vicente _96916 |
||
| 700 |
_aPrados, Emilio _914682 |
||
| 700 |
_aGarcía Lorca, Federico _96798 |
||
| 700 |
_aNeruda, Pablo _92359 |
||
| 700 |
_aMoro, César _914683 |
||
| 700 |
_aCabral, Manuel del _914684 |
||
| 700 |
_aPaz, Octavio _913612 |
||
| 700 |
_aAnguita, Eduardo _914685 |
||
| 700 |
_aGaitán Durán, Jorge _914686 |
||
| 700 |
_aGermán Belli, Carlos _914687 |
||
| 700 |
_aSegovia, Tomás _94766 |
||
| 700 |
_aGelman, Juan _914688 |
||
| 700 |
_aSáenz, Márgara _914689 |
||
| 700 |
_aPadilla, Heberto ... y otros. _914690 |
||
| 942 |
_2ddc _cLIBROS |
||
| 945 | _alccs | ||